000 00880nab a2200253 u 4500
001 11402
003 HDC
007 cr bn ---aaaaa
008 210207c mydr|nes 0 a eng d
040 _aHDC
100 _aYeomans, Michelle,
_eauthor
_911714
245 0 _aSoutheast Asia ramps up biggest demand for halal cosmetics /
_cby Michelle Yeomans
260 _a[no place] :
_b[publisher not identified],
_c[no year]
336 _atext
_2rdacontent
337 _acomputer
_2rdamedia
338 _aonline resource
_2rdacarrier
650 _aCosmetic product
_95346
650 _aHalal cosmetic
_95164
710 _aCosmetics Design Asia
856 _zRequest full-text at [email protected]
942 _2lcc
942 _cNEWS
942 _kNWSO 000316
999 _c8725
_d8725